V-12 LEVENT KAPODOKYADA (Record no. 1253009)
[ view plain ]
| 000 -LEADER | |
|---|---|
| sabit uzunluktaki kontrol alanı | 00252nam a2200097Ia 4500 |
| 001 - KONTROL NUMARASI | |
| kontrol alanı | 1253009 |
| 005 - EN SON İŞLEMİN TARİH VE ZAMANI | |
| kontrol alanı | 20251031150945.0 |
| 008 - SABİT-UZUNLUKTA VERİ ÖĞELERİ--GENEL BİLGİ | |
| sabit uzunluktaki kontrol alanı | 251031s9999 xx 000 0 und d |
| 245 #0 - ESER / YAZAR | |
| Yazar Adı | MUSTAFA ORAKÇI |
| ESER ADI | V-12 LEVENT KAPODOKYADA |
| 260 ## - YAYIN, DAĞITIM, VB. | |
| YAYIN EVİ | TİMAŞ YAYINLARI |
| Düşüm durumu | Kayıp durumu | Hasar Durumu | Ödünç verilmez | Ana kütüphane | Geçerli Kütüphane | Edinilen tarih | Toplam ödünç verme sayısı | Tam yer numarası | Barkod | Son görüntüleme tarihi | Fiyatın geçerli olmaya başladığı tarih | Koha materyal türü |
|---|---|---|---|---|---|---|---|---|---|---|---|---|
| ŞEHİT BURAK GENÇ CELEP HAVA LOJMAN KÜTÜPHANESİ | ŞEHİT BURAK GENÇ CELEP HAVA LOJMAN KÜTÜPHANESİ | 30.10.2025 | V-12 / GENEL-4 | 11048690000027910 | 31.10.2025 | 31.10.2025 | Books |